00668 2200253 4500001002100000005001500021035002000036007000300056008004100059020002200100082001100122084001700133100001900150245006400169250001000233260004200243300002500285650001700310700001900327700001500346504003100361990001100392990001100403INLIS00000000000379020190723090607 a0010-0719000208ta190723 g 0 ind  a978-602-14415-5-8 a297.14 a297.14 SHO d0 aSHOFWAN, Najmu1 aDiam /cShofwan Najmu, Irham Shofwan; penyunting, Qin Mahdy acet.1 aDepok :bMutiara Allamah Utama,c2014 axx, 149 hlm ;c22 cm 4aFIQIH. ISLAM0 aIRHAM, Shofwan0 aQIN, Mahdy aBibliografi.: hlm. 147-149 a5940 a a5940 b